LIBRARY & INFORMATION CENTRE, KCAET, TAVANUR

ONLINE PUBLIC ACCESS CATALOGUE (OPAC)

Impact of fertigation and drip irrigation system layout on performance of chilli (capsicum annum) (Record no. 14087)

MARC details
000 -LEADER
fixed length control field 00501nam a22001577a 4500
003 - CONTROL NUMBER IDENTIFIER
control field OSt
082 ## - DEWEY DECIMAL CLASSIFICATION NUMBER
Classification number 631.45
Item number NAD/IM
088 ## - REPORT NUMBER
Report number T256
100 ## - MAIN ENTRY--AUTHOR NAME
Personal name Nadiya Nesthad
245 ## - TITLE STATEMENT
Title Impact of fertigation and drip irrigation system layout on performance of chilli (capsicum annum)
260 ## - PUBLICATION, DISTRIBUTION, ETC. (IMPRINT)
Place of publication Tavanur
Name of publisher Department of LWRCE
Year of publication 2012
500 ## - GENERAL NOTE
General note M.Tech Thesis
700 ## - ADDED ENTRY--PERSONAL NAME
Personal name Kurien E.K (guide)
856 ## - ELECTRONIC LOCATION AND ACCESS
Uniform Resource Identifier https://drive.google.com/file/d/0B8K9-c_S7d7WY1JJVDlEaTY3Yms/edit?usp=sharing
942 ## - ADDED ENTRY ELEMENTS (KOHA)
Koha item type Theses
Holdings
Collection code Home library Current library Shelving location Full call number Accession Number Koha item type Public note
Reference KAUAET KAUAET Reference 631.45 NAD/IM T256 Theses M.Tech Thesis
free website counter